000 00860nam a2200253 4500
003 OSt
005 20240704005858.0
006 a
008 240704b |||||||| |||| 00| 0 eng d
020 _a9781405152877
040 _aDWCL-Main lib.
_cOC
082 _2Second edition
_aCirc. 577 G443p 2008
100 _aGibbs, James P.
245 _aProblem-solving in conservation biology and wildlife management /
250 _aSecond edition
260 _aUSA :
_bBlackwell Pub.,
_cc2008
300 _axii,
_b328 p. : ill. ;
_c28 cm.
504 _aIncludes bibliographical references and index.
650 _a1. Conservation biology.
650 _a2. Wildlife management.
650 _a3. Conservation biology-Problems, exercises, etc.
650 _a4. Wildlife management-Problems, exercises, etc.
942 _2ddc
_n0
_cBK-CIRC
_eSecond edition
_kCirc.
999 _c1909
_d1909